| 000 | 00728nam a22002297a 4500 | ||
|---|---|---|---|
| 999 |
_c14831 _d14831 |
||
| 003 | AR-CdUCM | ||
| 008 | 190424b ||||| |||| 00| 0 spa d | ||
| 020 | _a978-612-305-106-8 | ||
| 040 |
_aMUNICIPALIDAD PROVINCIAL DEL CUSCO _cBIBLIOTECA MUNICIPAL DEL CUSCO |
||
| 082 |
_aPI / 803.08 / _bP53 |
||
| 100 |
_aPicasso, Jaime _933751 |
||
| 245 | _aLa gallina que no sabía cacarear / | ||
| 260 |
_aLima : _bPeisa, _c2017. |
||
| 300 |
_bilustraciones, _c22.5 cm. |
||
| 650 |
_aLiteratura infantil _9588 |
||
| 650 |
_aCuentos infantiles _93927 |
||
| 650 |
_aSiglo XXI _92856 |
||
| 700 |
_aAguilar Rúa, Víctor (ilustraciones) _933752 |
||
| 710 |
_aPeisa-Quirquincho. _933753 |
||
| 942 |
_2ddc _cLIBROS |
||
| 945 |
_aachl _d2019-04-24 |
||